Pragmatics of human communication : a study of interactional patterns, pathologies, and paradoxes
Saved in:
| Main Author: | |
|---|---|
| Other Authors: | , |
| Format: | Book |
| Language: | English |
| Published: |
London :
W. W. Norton ,
1967.
|
| Subjects: | |
| Tags: |
Add Tag
No Tags, Be the first to tag this record!
|
MARC
| LEADER | 00000cam a2200000 i 4500 | ||
|---|---|---|---|
| 001 | 1/89982 | ||
| 008 | 960925s1967 enk| ||| |||| ||eng|| | ||
| 020 | |a 0393010090 | ||
| 035 | |a 1995 |b 1 |c Καϊλα |l 10035883 | ||
| 040 | |a GR-MyUa |b gre |e AACR2 | ||
| 041 | 0 | |a eng | |
| 082 | 7 | |a 152.384 |2 (21) | |
| 100 | 1 | |a Watzlawick, Paul, |d 1921-2007. | |
| 245 | 1 | 0 | |a Pragmatics of human communication : |b a study of interactional patterns, pathologies, and paradoxes / |c Paul Watzlawick, Janet Beavin Bavelas, Don D. Jackson. |
| 260 | |a London : |b W. W. Norton , |c 1967. | ||
| 300 | |a 294 σ. ; |c 22 εκ. | ||
| 650 | 0 | |a Communication. | |
| 700 | 1 | |a Bavelas, Janet Beavin, |d 1940- | |
| 700 | 1 | |a Jackson, Don D. |q (Don De Avila), |d 1920-1968. | |
| 767 | 0 | 8 | |i Μεταφρασμένο ως: |t Ανθρώπινη επικοινωνία και οι επιδράσεις της στη συμπεριφορά : |
| 852 | |a INST |b LESVOS |e 19960925 |h 152.384 WAT |p 005100009189 |q 005100009189 |t BK |y 0 | ||
| 852 | |a INST |b RHODES |e 19970610 |h 152.384 WAT |p 005400005347 |q 005400005347 |t BK |y 0 | ||
| 922 | |a 1ΕΛΗ |b 199504 |c Δελβερούδη | ||
| 922 | |a 4ΕΛΗ |b 199504 |c Καϊλα |d Κωσταράκης | ||